000 00434nam a2200169Ia 4500
005 20250423101326.0
008 250422s9999 xx 000 0 und d
020 _a0- 06- 016105- 1
050 _aHD 38 .Z315/
100 _aAbraham Zaleznik
245 4 _aThe managerial mystique: restoring leadership in business
260 _bEdward Burlingame book
260 _c1989
300 _a307 p
650 _aLeadership
942 _cBK
999 _c35976
_d35976